| 000 | 00496nam a2200157 i 4500 | ||
|---|---|---|---|
| 001 | 69287 | ||
| 003 | ES-MaACL | ||
| 005 | 20230906170502.0 | ||
| 008 | 040702s1948 sp |||| | spa d | ||
| 100 | 1 |
_aGarcía Arroyo, Carmen. _954193 |
|
| 245 | 1 | 0 |
_aApuntes de metodología de la geografía / _cpor Carmen García Arroyo. |
| 260 |
_a[S.l. : _bs.n., _c1948] ( _eSalt : _fGráficas Bat) |
||
| 300 |
_a219 p. ; _c22 cm. |
||
| 650 | 4 |
_aGeografía- _xMetodología. _9164393 |
|
| 852 |
_aES-MaACL _jD-5843 |
||
| 999 |
_c69287 _d69287 |
||